| 000 | 00697nam a22001577a 4500 | ||
|---|---|---|---|
| 999 |
_c80443 _d80443 |
||
| 008 | 201130b ||||| |||| 00| 0 eng d | ||
| 040 |
_bger _cSTAFF _erda |
||
| 041 | _ager | ||
| 100 | _aGutke, Thomas: | ||
| 245 |
_aBreite Mehrheit stimmt für Stadthaushalt: _bKommunalfinanzen: In einer Sondersitzung verabschiedeten die Stadtverordneten den Etat 2021. Für die Arbeit der Kämmerei in der Krise gab es von allen Fraktiomnen Lob / _cThomas Gutke |
||
| 773 |
_dFrankfurt (Oder): Märkisches Verlags- und Druckhaus GmbH & Co KG _g31. Jahrgang (2020) Nr. 296 vom 19./20.12.2020, Seite 17 _tMärkische Oderzeitung |
||
| 942 | _cA | ||